000 00296nam a22001337a 4500
008 181023b xxu||||| |||| 00| 0 eng d
020 _a0814117538
041 _aeng
080 _a371
100 _a46
101 _aEDU
245 _aFocus on Collaborative Learning
_cGloub,J
942 _2udc
_cBK
999 _c50713
_d50713